00000000nam##2200000za#4500
0019.641021
003CaOODSP
00520250403105348
007cr |||||||||||
008150407|1999||||xxc|||||o    f|0| 0 fre|d
040 |aCaOODSP|bfre
043 |an-cn---
0861 |aCS92-370/1999F-PDF
24500|aCouverture |h[ressource électronique]
2461 |iDeuxième titre de série imprimé sur la couverture : |aRapports techniques de recensement de 1996
260 |aOttawa - Ontario : |bStatistique Canada |c1999.
500 |aPublication du recensement historique numérisé par Statistique Canada.
590 |a12-44-Supp|b2012-12-13
69107|aRecensement|2gcpds
7102 |aStatistique Canada.
77508|tCoverage |w(CaOODSP)9.696942
85640|ahttp://publications.gc.ca|qPDF|s2995 KB|uhttps://publications.gc.ca/collections/collection_2012/statcan/rh-hc/CS92-370-1999-fra.pdf